Elecciones y violencia política en Guatemala

Uloženo v:
Podrobná bibliografie
Médium: Text
Témata:
Tagy: Přidat tag
Žádné tagy, Buďte první, kdo vytvoří štítek k tomuto záznamu!

MARC

LEADER 00000 a a2200000 04500
001 6702
003
040
245 |a Elecciones y violencia política en Guatemala  
650 |a ELECCIONES  
650 |a CONDICIONES SOCIALES  
650 |a VIOLENCIA  
650 |a CRIMENES DE GUERRA  
650 |a DERECHOS HUMANOS  
773 |g volumen 24, número 1071; páginas 12-13  
999 |c 20909  |d 20909